Principles and technical aspects of PCR amplification / (Record no. 21287)

MARC details
000 -LEADER
fixed length control field 01123cam a2200325 i 4500
001 - CONTROL NUMBER
control field 15100508
003 - CONTROL NUMBER IDENTIFIER
control field EG-ScBUE
005 - DATE AND TIME OF LATEST TRANSACTION
control field 20260125095126.0
008 - FIXED-LENGTH DATA ELEMENTS--GENERAL INFORMATION
fixed length control field 071203t2008 gw a frb 001 0 eng d
020 ## - INTERNATIONAL STANDARD BOOK NUMBER
International Standard Book Number 9781402062407 (hbk.)
040 ## - CATALOGING SOURCE
Original cataloging agency UKM
Language of cataloging eng
Description conventions rda
Transcribing agency UKM
Modifying agency BAKER
-- DLC
-- EG-ScBUE
082 04 - DEWEY DECIMAL CLASSIFICATION NUMBER
Classification number 572.86
Item number PEL
Edition number 22
100 1# - MAIN ENTRY--PERSONAL NAME
Personal name Pelt-Verkuil, Elizabeth van,
Dates associated with a name 1951-
Relator term author.
9 (RLIN) 39469
245 10 - TITLE STATEMENT
Title Principles and technical aspects of PCR amplification /
Statement of responsibility, etc Elizabeth van Pelt-Verkuil, Alex van Belkum, John P. Hays.
264 #1 - PUBLICATION, DISTRIBUTION, ETC. (IMPRINT)
Place of publication, distribution, etc [Berlin] :
Name of publisher, distributor, etc Springer,
Date of publication, distribution, etc [2008]
264 #4 - PUBLICATION, DISTRIBUTION, ETC. (IMPRINT)
Date of publication, distribution, etc c2008
300 ## - PHYSICAL DESCRIPTION
Extent xii, 325 pages :
Other physical details illustrations ;
Dimensions 24 cm
336 ## - CONTENT TYPE
Source rdacontent
Content type term text
Content type code txt
337 ## - MEDIA TYPE
Media type term unmediated
Source rdamedia
Media type code n
338 ## - CARRIER TYPE
Carrier type term volume
Carrier type code nc
Source rdacarrier
504 ## - BIBLIOGRAPHY, ETC. NOTE
Bibliography, etc Includes bibliographical references and index.<br/>
650 #7 - SUBJECT ADDED ENTRY--TOPICAL TERM
Topical term or geographic name as entry element Polymerase chain reaction.
Source of heading or term BUEsh
650 #7 - SUBJECT ADDED ENTRY--TOPICAL TERM
Topical term or geographic name as entry element Polymerase chain reaction
General subdivision Diagnostic use.
Source of heading or term BUEsh
651 ## - SUBJECT ADDED ENTRY--GEOGRAPHIC NAME
Source of heading or term BUEsh
653 ## - INDEX TERM--UNCONTROLLED
Resource For college Pharmacy
Arrived date list February2016
655 ## - INDEX TERM--GENRE/FORM
Form subdivision Reading book
700 1# - ADDED ENTRY--PERSONAL NAME
Personal name Belkum, Alex van,
Relator term author.
700 1# - ADDED ENTRY--PERSONAL NAME
Personal name Hays, John P.,
Relator term author.
942 ## - ADDED ENTRY ELEMENTS (KOHA)
Source of classification or shelving scheme Dewey Decimal Classification
Koha item type Book - Borrowing
Holdings
Withdrawn status Lost status Source of classification or shelving scheme Damaged status Not for loan Home library Current library Shelving location Date acquired Source of acquisition Cost, normal purchase price Serial Enumeration / chronology Total Checkouts Full call number Barcode Date last seen Cost, replacement price Koha item type
    Dewey Decimal Classification     Central Library Central Library First floor 29/02/2016 Purchase 980.00 2   572.86 PEL 000031776 15/07/2025 1225.00 Book - Borrowing